Daňová konkurencia v krajinách EÚ a OECD

Problematika daňovej konkurencie a daňovej harmonizácie v krajinách Európskej únie a OECD. Priemerné miery zdanenia príjmov právnických osôb v krajinách EÚ a OECD za obdobie rokov 2000-2008. Daňové zaťaženie vo vybraných krajinách za rok 2008. Potreba väčšej regulácie a boj proti daňovým rajom.

Enregistré dans:
Détails bibliographiques
Auteur principal: Luchava, Ján
Format: Chapitre de livre
Langue:slovaque
Sujets:
Tags: Ajouter un tag
Pas de tags, Soyez le premier à ajouter un tag!

MARC

LEADER 00000nla$a2200000$$$4500
001 0105714
005 20240502072156.6
041 0 |a slo 
044 |a SK 
245 1 0 |a Daňová konkurencia v krajinách EÚ a OECD  |c Ján Luchava 
520 |a Problematika daňovej konkurencie a daňovej harmonizácie v krajinách Európskej únie a OECD. Priemerné miery zdanenia príjmov právnických osôb v krajinách EÚ a OECD za obdobie rokov 2000-2008. Daňové zaťaženie vo vybraných krajinách za rok 2008. Potreba väčšej regulácie a boj proti daňovým rajom. 
610 2 0 |a dane 
610 2 0 |a harmonizácia 
610 2 0 |a konkurencia 
610 2 0 |a regulácia 
610 2 0 |a osoby právnické 
610 2 0 |a raje daňové 
610 2 0 |a organizácie medzinárodné 
610 2 0 |a OECD 
610 2 0 |a Európska únia 
100 1 |a Luchava, Ján